000 00504nam a2200169Ia 4500
003 GCL
008 140319s9999 xx 000 0 ara d
040 _aGCL /
_cGCL
082 0 4 _a611.0181
_bم ت
100 1 _aمنى فريد عبدالرحمن
245 1 0 _aالتشريع المقارن للعقارات /
_cمنى فريد عبدالرحمن
260 _a[S.N] :
_bالمكتبة الاكاديمية ،
_c1992
300 _a127 ص
490 _a
650 0 4 _aالتشريع
942 _2ddc
_cBK
999 _c50033
_d50033